[Event "EUYCC 2024 U10"]
[Site "?"]
[Date "2024.08.07"]
[Round "3.7"]
[White "Malcheva, Niya"]
[Black "Vo, Daniel"]
[Result "0-1"]
[BlackElo "1707"]
[WhiteElo "1551"]
[LiveChessVersion "1.4.8"]

1. e4 {[%clk 1:30:57]} c5 {[%clk 1:30:51]} 2. Nc3 {[%clk 1:31:08]} d6
{[%clk 1:31:10]} 3. d4 {[%clk 1:31:17]} cxd4 {[%clk 1:31:27]} 4. Qxd4
{[%clk 1:31:39]} Nc6 {[%clk 1:31:10]} 5. Qd2 {[%clk 1:31:58]} g6 {[%clk 1:30:44]}
6. b3 {[%clk 1:31:44]} Bh6 {[%clk 1:30:40]} 7. Qd1 {[%clk 1:25:29]} Bxc1
{[%clk 1:28:44]} 8. Qxc1 {[%clk 1:25:46]} Nf6 {[%clk 1:27:43]} 9. Nf3
{[%clk 1:21:11]} Bg4 {[%clk 1:23:19]} 10. Be2 {[%clk 1:20:33]} Qa5
{[%clk 1:20:20]} 11. Qd2 {[%clk 1:16:45]} Rc8 {[%clk 1:13:06]} 12. h3
{[%clk 1:13:01]} Bxf3 {[%clk 1:11:28]} 13. Bxf3 {[%clk 1:13:22]} Nb4
{[%clk 1:11:00]} 14. Kd1 {[%clk 1:00:52]} Qe5 {[%clk 1:09:50]} 15. a3
{[%clk 0:57:24]} Na6 {[%clk 1:08:47]} 16. Rc1 {[%clk 0:53:57]} Qxc3
{[%clk 1:06:30]} 17. e5 {[%clk 0:54:09]} Qxd2+ {[%clk 1:06:21]} 18. Kxd2
{[%clk 0:54:31]} dxe5 {[%clk 1:06:38]} 19. Bxb7 {[%clk 0:54:40]} Rd8+
{[%clk 1:07:02]} 20. Ke2 {[%clk 0:55:04]} Nc5 {[%clk 1:06:33]} 21. Bf3
{[%clk 0:55:03]} e4 {[%clk 1:06:48]} 22. Bg4 {[%clk 0:55:25]} h5 {[%clk 1:07:05]}
23. b4 {[%clk 0:55:33]} Na4 {[%clk 1:07:16]} 24. f3 {[%clk 0:55:11]} hxg4
{[%clk 1:07:23]} 25. fxg4 {[%clk 0:55:37]} Nc3+ {[%clk 1:07:34]} 26. Ke1
{[%clk 0:55:52]} e3 {[%clk 1:07:49]} 27. h4 {[%clk 0:56:03]} Nfe4
{[%clk 1:07:47]} 0-1

[Event "EUYCC 2024 U10"]
[Site "?"]
[Date "2024.08.07"]
[Round "3.11"]
[White "Holik, Ondrej"]
[Black "Huttova, Karolina"]
[Result "1/2-1/2"]
[BlackElo "1433"]
[WhiteElo "1701"]
[LiveChessVersion "1.4.8"]

1. e4 {[%clk 1:30:56]} c5 {[%clk 1:30:47]} 2. Nf3 {[%clk 1:31:08]} d6
{[%clk 1:30:57]} 3. d4 {[%clk 1:31:07]} cxd4 {[%clk 1:31:08]} 4. Nxd4
{[%clk 1:30:54]} Nf6 {[%clk 1:31:05]} 5. Nc3 {[%clk 1:30:51]} g6 {[%clk 1:31:12]}
6. Be3 {[%clk 1:30:46]} Bg7 {[%clk 1:31:05]} 7. Bc4 {[%clk 1:30:00]} O-O
{[%clk 1:30:55]} 8. f3 {[%clk 1:29:41]} a6 {[%clk 1:28:35]} 9. Qd2
{[%clk 1:28:56]} b5 {[%clk 1:26:53]} 10. Bb3 {[%clk 1:27:55]} Nbd7
{[%clk 1:20:54]} 11. Nc6 {[%clk 1:24:56]} Qe8 {[%clk 1:19:08]} 12. O-O-O
{[%clk 1:23:54]} Nc5 {[%clk 1:17:16]} 13. Nd4 {[%clk 1:23:36]} Nxb3+
{[%clk 1:16:25]} 14. Nxb3 {[%clk 1:23:32]} b4 {[%clk 1:14:57]} 15. Nd5
{[%clk 1:22:58]} Nxd5 {[%clk 1:13:52]} 16. Qxd5 {[%clk 1:22:06]} Be6
{[%clk 1:12:33]} 17. Qd3 {[%clk 1:22:07]} Qa4 {[%clk 1:10:02]} 18. Kb1
{[%clk 1:22:06]} Rfc8 {[%clk 1:08:57]} 19. Qd2 {[%clk 1:15:59]} a5
{[%clk 1:03:55]} 20. Bd4 {[%clk 1:12:34]} Bxd4 {[%clk 1:01:33]} 21. Qxd4
{[%clk 1:12:44]} Rc4 {[%clk 1:01:07]} 22. Qd3 {[%clk 1:12:27]} Rac8
{[%clk 0:59:42]} 23. Rd2 {[%clk 1:12:15]} Rc3 {[%clk 0:56:36]} 24. Qe2
{[%clk 1:11:44]} R3c4 {[%clk 0:51:17]} 25. g4 {[%clk 1:11:01]} Qb5
{[%clk 0:48:15]} 26. f4 {[%clk 1:09:22]} a4 {[%clk 0:47:11]} 27. Nd4
{[%clk 1:07:10]} Qb7 {[%clk 0:46:38]} 28. Re1 {[%clk 1:06:08]} a3
{[%clk 0:44:10]} 29. b3 {[%clk 1:05:39]} Rc3 {[%clk 0:43:09]} 30. f5
{[%clk 1:05:56]} 1/2-1/2

[Event "EUYCC 2024 U10"]
[Site "?"]
[Date "2024.08.07"]
[Round "3.12"]
[White "Grigore, Melania-Cristina"]
[Black "Hroch, Pavel"]
[Result "0-1"]
[BlackElo "1665"]
[WhiteElo "1466"]
[LiveChessVersion "1.4.8"]

1. e4 {[%clk 1:30:56]} e5 {[%clk 1:29:50]} 2. Nf3 {[%clk 1:31:21]} Nc6
{[%clk 1:29:26]} 3. Bb5 {[%clk 1:31:42]} Bc5 {[%clk 1:28:32]} 4. O-O
{[%clk 1:28:28]} Nf6 {[%clk 1:27:52]} 5. d3 {[%clk 1:18:51]} d6 {[%clk 1:23:08]}
6. h3 {[%clk 1:15:02]} Bd7 {[%clk 1:15:33]} 7. c4 {[%clk 1:12:56]} Qe7
{[%clk 1:05:05]} 8. Nc3 {[%clk 1:09:37]} O-O-O {[%clk 1:02:18]} 9. Bg5
{[%clk 1:08:25]} h6 {[%clk 1:02:28]} 10. Nd5 {[%clk 1:08:20]} Qe6
{[%clk 1:00:48]} 11. Nxf6 {[%clk 1:07:37]} gxf6 {[%clk 1:00:59]} 12. Bd2
{[%clk 1:06:46]} Rdg8 {[%clk 0:58:13]} 13. g4 {[%clk 0:45:16]} h5
{[%clk 0:56:49]} 14. Nh2 {[%clk 0:41:57]} f5 {[%clk 0:52:46]} 15. exf5
{[%clk 0:40:40]} Qxf5 {[%clk 0:52:44]} 16. Qe2 {[%clk 0:37:58]} hxg4
{[%clk 0:51:15]} 17. hxg4 {[%clk 0:38:03]} Qh5 {[%clk 0:51:30]} 18. Kg2
{[%clk 0:33:00]} Nd4 {[%clk 0:50:00]} 19. Bxd7+ {[%clk 0:32:35]} Kxd7
{[%clk 0:50:28]} 20. Rh1 {[%clk 0:32:55]} Qh3+ {[%clk 0:49:20]} 21. Kg1
{[%clk 0:33:15]} Nxe2# {[%clk 0:49:37]} 0-1

[Event "EUYCC 2024 U10"]
[Site "?"]
[Date "2024.08.08"]
[Round "4.1"]
[White "Chalampuente, Victor"]
[Black "Gusev, Daniil Den"]
[Result "1-0"]
[BlackElo "1842"]
[WhiteElo "1851"]
[LiveChessVersion "1.4.8"]

1. e4 {[%clk 1:30:53]} c5 {[%clk 1:30:26]} 2. c3 {[%clk 1:31:16]} d5
{[%clk 1:30:30]} 3. exd5 {[%clk 1:31:24]} Qxd5 {[%clk 1:30:34]} 4. d4
{[%clk 1:31:35]} e6 {[%clk 1:30:26]} 5. Be3 {[%clk 1:30:54]} cxd4
{[%clk 1:30:00]} 6. cxd4 {[%clk 1:31:06]} Bb4+ {[%clk 1:30:02]} 7. Nc3
{[%clk 1:31:10]} Bd7 {[%clk 1:30:00]} 8. a3 {[%clk 1:30:44]} Bxc3+
{[%clk 1:29:42]} 9. bxc3 {[%clk 1:31:07]} Qa5 {[%clk 1:29:32]} 10. Bd2
{[%clk 1:28:54]} Nf6 {[%clk 1:25:34]} 11. Bd3 {[%clk 1:27:35]} Ba4
{[%clk 1:25:14]} 12. Qe2 {[%clk 1:17:28]} Nbd7 {[%clk 1:18:07]} 13. Nf3
{[%clk 1:14:26]} O-O {[%clk 1:14:56]} 14. O-O {[%clk 1:13:23]} Qc7
{[%clk 1:14:29]} 15. h3 {[%clk 1:12:26]} a6 {[%clk 1:14:06]} 16. c4
{[%clk 1:10:33]} Rfe8 {[%clk 1:08:36]} 17. Rfe1 {[%clk 1:04:07]} Rac8
{[%clk 1:02:23]} 18. Rac1 {[%clk 1:02:28]} Rcd8 {[%clk 0:56:07]} 19. Bc3
{[%clk 1:00:15]} Nb8 {[%clk 0:54:54]} 20. Qb2 {[%clk 0:47:42]} Nbd7
{[%clk 0:42:34]} 21. Ne5 {[%clk 0:42:10]} Rb8 {[%clk 0:33:46]} 22. Nxd7
{[%clk 0:35:40]} Qxd7 {[%clk 0:32:29]} 23. d5 {[%clk 0:34:29]} b5
{[%clk 0:32:02]} 24. Bxf6 {[%clk 0:27:47]} bxc4 {[%clk 0:30:35]} 25. Qe5
{[%clk 0:27:28]} gxf6 {[%clk 0:26:04]} 26. Qg3+ {[%clk 0:26:35]} Kh8
{[%clk 0:25:32]} 27. Rxc4 {[%clk 0:25:40]} Rbc8 {[%clk 0:22:43]} 28. Qh4
{[%clk 0:22:18]} f5 {[%clk 0:22:26]} 29. Rxa4 {[%clk 0:22:12]} Qxd5
{[%clk 0:22:43]} 30. Rd4 {[%clk 0:20:43]} Qa5 {[%clk 0:21:34]} 31. Qf6+
{[%clk 0:18:36]} Kg8 {[%clk 0:21:57]} 32. Re3 {[%clk 0:15:48]} Qxa3
{[%clk 0:18:36]} 33. Rd7 1-0

[Event "EUYCC 2024 U10"]
[Site "?"]
[Date "2024.08.08"]
[Round "4.2"]
[White "Mueller, Konstantin"]
[Black "Kovacs, Balazs"]
[Result "1-0"]
[BlackElo "1815"]
[WhiteElo "1835"]
[LiveChessVersion "1.4.8"]

1. d4 {[%clk 1:30:54]} Nf6 {[%clk 1:30:40]} 2. c4 {[%clk 1:31:16]} g6
{[%clk 1:31:05]} 3. Nc3 {[%clk 1:31:39]} d5 {[%clk 1:31:23]} 4. cxd5
{[%clk 1:32:02]} Nxd5 {[%clk 1:31:45]} 5. e4 {[%clk 1:32:25]} Nxc3
{[%clk 1:32:08]} 6. bxc3 {[%clk 1:32:47]} Bg7 {[%clk 1:32:33]} 7. Bc4
{[%clk 1:32:51]} c5 {[%clk 1:32:13]} 8. Ne2 {[%clk 1:33:10]} Nc6 {[%clk 1:32:08]}
9. Be3 {[%clk 1:33:29]} O-O {[%clk 1:31:01]} 10. O-O {[%clk 1:33:44]} Qc7
{[%clk 1:28:17]} 11. Rc1 {[%clk 1:33:41]} b6 {[%clk 1:27:14]} 12. Qd2
{[%clk 1:31:10]} Rd8 {[%clk 1:25:10]} 13. Rfd1 {[%clk 1:26:00]} Bb7
{[%clk 1:22:46]} 14. Qb2 {[%clk 1:18:15]} Rd7 {[%clk 1:03:59]} 15. e5
{[%clk 1:04:08]} e6 {[%clk 0:58:40]} 16. Nf4 {[%clk 1:00:24]} Rad8
{[%clk 0:52:29]} 17. a4 {[%clk 0:44:53]} Nxe5 {[%clk 0:47:37]} 18. Be2
{[%clk 0:36:21]} Nc6 {[%clk 0:37:52]} 19. dxc5 {[%clk 0:32:55]} bxc5
{[%clk 0:35:42]} 20. Rxd7 {[%clk 0:29:24]} Rxd7 {[%clk 0:34:19]} 21. Nd3
{[%clk 0:28:58]} Qb6 {[%clk 0:23:15]} 22. Qa3 {[%clk 0:26:18]} Bf8
{[%clk 0:17:13]} 23. Bxc5 {[%clk 0:25:18]} Rxd3 {[%clk 0:12:41]} 24. Bxf8
{[%clk 0:25:24]} Rd8 {[%clk 0:07:46]} 25. Bc5 {[%clk 0:25:28]} Qc7
{[%clk 0:07:40]} 26. Be3 {[%clk 0:23:53]} Ne5 {[%clk 0:06:22]} 27. c4
{[%clk 0:23:00]} Ba6 {[%clk 0:06:18]} 28. Qc3 {[%clk 0:21:36]} Nxc4
{[%clk 0:02:13]} 29. h3 {[%clk 0:21:43]} e5 {[%clk 0:02:17]} 30. Bxc4
{[%clk 0:19:31]} Rc8 {[%clk 0:02:19]} 31. Bxa6 {[%clk 0:19:40]} Qxc3
{[%clk 0:02:40]} 32. Rxc3 {[%clk 0:20:01]} Rxc3 {[%clk 0:03:04]} 33. Bxa7
{[%clk 0:20:21]} Rc1+ {[%clk 0:03:13]} 34. Kh2 {[%clk 0:20:42]} Rc7
{[%clk 0:03:20]} 35. Bb6 {[%clk 0:20:41]} Rc6 36. a5 f5 {[%clk 0:03:18]} 37. Bb7
{[%clk 0:21:05]} Rc1 {[%clk 0:03:23]} 38. a6 {[%clk 0:21:21]} f4 {[%clk 0:03:45]}
39. a7 f3 {[%clk 0:04:09]} 40. a8=Q+ {[%clk 0:22:03]} Kg7 {[%clk 0:04:29]} 41.
Qe8 {[%clk 0:22:21]} fxg2 {[%clk 0:04:50]} 42. Qxe5+ {[%clk 0:22:45]} Kh6
{[%clk 0:05:02]} 43. Be3+ {[%clk 0:23:08]} 1-0

[Event "EUYCC 2024 U10"]
[Site "?"]
[Date "2024.08.08"]
[Round "4.3"]
[White "Trejbal, Jindrich"]
[Black "Lobina, Thomas"]
[Result "1-0"]
[BlackElo "1793"]
[WhiteElo "1763"]
[LiveChessVersion "1.4.8"]

1. f4 {[%clk 1:30:56]} e5 {[%clk 1:28:51]} 2. fxe5 {[%clk 1:31:14]} d6
{[%clk 1:29:16]} 3. Nf3 {[%clk 1:31:30]} dxe5 {[%clk 1:28:47]} 4. e4
{[%clk 1:31:44]} Bc5 {[%clk 1:20:29]} 5. Bc4 {[%clk 1:27:40]} Nf6
{[%clk 1:05:31]} 6. d3 {[%clk 1:21:54]} Ng4 {[%clk 0:49:49]} 7. Qe2
{[%clk 1:11:26]} Nc6 {[%clk 0:33:18]} 8. h3 {[%clk 1:05:14]} Nf6 {[%clk 0:33:43]}
9. a3 {[%clk 1:01:01]} a5 {[%clk 0:33:15]} 10. Be3 {[%clk 0:59:26]} Bd6
{[%clk 0:32:29]} 11. Nc3 {[%clk 0:57:03]} Qe7 {[%clk 0:31:26]} 12. Nb5
{[%clk 0:55:18]} Bd7 {[%clk 0:30:11]} 13. O-O-O {[%clk 0:51:28]} Nd8
{[%clk 0:29:12]} 14. Nxd6+ {[%clk 0:49:20]} cxd6 {[%clk 0:29:02]} 15. g4
{[%clk 0:45:35]} b5 {[%clk 0:29:06]} 16. Ba2 {[%clk 0:45:44]} b4 {[%clk 0:29:13]}
17. g5 {[%clk 0:43:53]} Nh5 {[%clk 0:28:59]} 18. Rhg1 {[%clk 0:38:20]} Be6
{[%clk 0:27:37]} 19. Bxe6 {[%clk 0:35:09]} Nxe6 {[%clk 0:27:58]} 20. a4
{[%clk 0:31:44]} Nhf4 {[%clk 0:26:29]} 21. Qf1 {[%clk 0:29:35]} b3
{[%clk 0:26:19]} 22. cxb3 {[%clk 0:28:30]} Qb7 {[%clk 0:26:38]} 23. Nd2
{[%clk 0:27:18]} Qa6 {[%clk 0:26:04]} 24. Bxf4 {[%clk 0:22:57]} Nxf4
{[%clk 0:25:57]} 25. Rg3 {[%clk 0:22:40]} Ne6 {[%clk 0:25:01]} 26. Kb1
{[%clk 0:19:35]} Rb8 {[%clk 0:25:10]} 27. Ka2 {[%clk 0:18:54]} Nd4
{[%clk 0:24:38]} 28. Rc1 {[%clk 0:18:46]} Qb7 {[%clk 0:24:05]} 29. Rc3
{[%clk 0:18:44]} O-O {[%clk 0:23:56]} 30. h4 {[%clk 0:18:11]} Qd7
{[%clk 0:24:06]} 31. h5 {[%clk 0:17:53]} Nxb3 {[%clk 0:24:02]} 32. Rxb3
{[%clk 0:17:59]} Qxa4+ {[%clk 0:24:18]} 33. Ra3 {[%clk 0:18:12]} Qb4
{[%clk 0:24:40]} 34. Nc4 {[%clk 0:17:55]} Rfc8 {[%clk 0:25:01]} 35. Qe2
{[%clk 0:17:39]} a4 {[%clk 0:24:36]} 36. g6 {[%clk 0:15:56]} fxg6
{[%clk 0:24:12]} 37. hxg6 {[%clk 0:16:17]} h6 {[%clk 0:24:37]} 38. Rg2
{[%clk 0:15:33]} Ra8 {[%clk 0:22:17]} 39. Qd2 {[%clk 0:14:26]} Qc5
{[%clk 0:22:33]} 40. Qf2 {[%clk 0:14:13]} Qxf2 {[%clk 0:22:51]} 41. Rxf2
{[%clk 0:14:00]} 1-0

[Event "EUYCC 2024 U10"]
[Site "?"]
[Date "2024.08.08"]
[Round "4.4"]
[White "Doan, Hoang Minh"]
[Black "Fattori Dittmar, Luca"]
[Result "1-0"]
[BlackElo "1580"]
[WhiteElo "1813"]
[LiveChessVersion "1.4.8"]

1. e4 {[%clk 1:30:21]} e6 {[%clk 1:30:24]} 2. d4 {[%clk 1:30:00]} d5
{[%clk 1:30:37]} 3. e5 {[%clk 1:30:04]} c5 {[%clk 1:30:52]} 4. c3
{[%clk 1:30:06]} Qb6 {[%clk 1:31:13]} 5. Nf3 {[%clk 1:29:12]} Nc6
{[%clk 1:30:30]} 6. Bd3 {[%clk 1:27:59]} cxd4 {[%clk 1:29:22]} 7. O-O
{[%clk 1:18:58]} dxc3 {[%clk 1:25:31]} 8. Nxc3 {[%clk 1:18:37]} a6 9. Be3
{[%clk 1:11:43]} Qc7 {[%clk 1:19:33]} 10. Rc1 {[%clk 1:08:25]} Bd7
{[%clk 1:18:10]} 11. Na4 {[%clk 1:04:02]} b5 {[%clk 1:15:07]} 12. Nc5
{[%clk 1:02:53]} Bxc5 {[%clk 1:14:59]} 13. Bxc5 {[%clk 1:01:53]} Rc8
{[%clk 1:12:30]} 14. Re1 {[%clk 0:58:26]} Qd8 {[%clk 1:08:32]} 15. h4
{[%clk 0:54:30]} h6 {[%clk 1:07:45]} 16. h5 {[%clk 0:53:51]} Na5 {[%clk 1:04:26]}
17. b4 {[%clk 0:47:48]} Nc4 {[%clk 1:01:06]} 18. Bxc4 {[%clk 0:47:23]} bxc4
{[%clk 0:59:59]} 19. Qd4 {[%clk 0:45:41]} Bb5 {[%clk 0:55:51]} 20. Qg4
{[%clk 0:42:38]} Rh7 {[%clk 0:55:40]} 21. Red1 {[%clk 0:38:39]} Ne7
{[%clk 0:53:22]} 22. Rd4 {[%clk 0:38:19]} Nf5 {[%clk 0:52:58]} 23. Rf4
{[%clk 0:37:39]} a5 {[%clk 0:51:41]} 24. a3 {[%clk 0:36:41]} Qd7 {[%clk 0:48:32]}
25. Nd4 {[%clk 0:35:15]} Nxd4 {[%clk 0:48:40]} 26. Rxd4 {[%clk 0:35:25]} Qd8
{[%clk 0:47:57]} 27. f4 {[%clk 0:35:28]} axb4 {[%clk 0:47:34]} 28. axb4
{[%clk 0:35:44]} Bd7 {[%clk 0:46:01]} 29. Qf3 {[%clk 0:34:02]} Ra8
{[%clk 0:44:49]} 30. f5 {[%clk 0:32:19]} Qg5 {[%clk 0:44:22]} 31. Rdxc4
{[%clk 0:31:33]} Qxf5 {[%clk 0:42:53]} 32. Rf4 {[%clk 0:31:36]} Qg5
{[%clk 0:42:21]} 33. Rf1 {[%clk 0:31:03]} Bb5 {[%clk 0:41:39]} 34. Rxf7
{[%clk 0:30:13]} Bxf1 {[%clk 0:40:51]} 35. Rf8+ {[%clk 0:30:24]} Kd7
{[%clk 0:41:11]} 36. Rxa8 {[%clk 0:30:42]} Bxg2 {[%clk 0:38:33]} 37. Qxg2
{[%clk 0:30:54]} Qc1+ {[%clk 0:38:50]} 38. Kh2 {[%clk 0:31:19]} Qf4+
{[%clk 0:39:13]} 39. Qg3 {[%clk 0:30:48]} Qd2+ {[%clk 0:39:20]} 40. Bf2
{[%clk 0:31:03]} Qxb4 {[%clk 0:39:30]} 41. Ra7+ {[%clk 0:31:15]} Kc6
{[%clk 0:39:38]} 42. Ra6+ {[%clk 0:31:15]} Kd7 {[%clk 0:39:42]} 43. Rd6+
{[%clk 0:31:31]} Kc7 {[%clk 0:39:29]} 44. Rxe6 {[%clk 0:31:07]} Qf8
{[%clk 0:39:19]} 45. Qc3+ {[%clk 0:31:16]} Kb7 {[%clk 0:39:06]} 46. Rb6+
{[%clk 0:31:42]} 1-0

[Event "EUYCC 2024 U10"]
[Site "?"]
[Date "2024.08.08"]
[Round "4.5"]
[White "Hlavacek, Pavel"]
[Black "Vo, Daniel"]
[Result "0-1"]
[BlackElo "1707"]
[WhiteElo "1583"]
[LiveChessVersion "1.4.8"]

1. d4 {[%clk 1:30:59]} d5 {[%clk 1:30:50]} 2. c4 {[%clk 1:31:22]} dxc4
{[%clk 1:31:08]} 3. e4 {[%clk 1:31:39]} Nf6 {[%clk 1:31:21]} 4. e5
{[%clk 1:31:41]} Nd5 {[%clk 1:31:45]} 5. Bxc4 {[%clk 1:32:06]} Nb6
{[%clk 1:31:46]} 6. Bb3 {[%clk 1:26:53]} Nc6 {[%clk 1:30:24]} 7. Ne2
{[%clk 1:24:47]} Bf5 {[%clk 1:28:57]} 8. O-O {[%clk 1:23:38]} e6 {[%clk 1:28:35]}
9. Nbc3 {[%clk 1:21:40]} Be7 {[%clk 1:27:25]} 10. Be3 {[%clk 1:16:27]} O-O
{[%clk 1:25:13]} 11. f4 {[%clk 1:09:43]} Na5 {[%clk 1:18:35]} 12. Ng3
{[%clk 0:58:35]} Bg6 {[%clk 1:14:36]} 13. Bf2 {[%clk 0:50:06]} Nbc4
{[%clk 1:13:18]} 14. Bxc4 {[%clk 0:49:29]} Nxc4 {[%clk 1:13:38]} 15. Qe2
{[%clk 0:49:35]} Nb6 {[%clk 1:12:48]} 16. Rfd1 {[%clk 0:38:27]} Nd5
{[%clk 1:10:48]} 17. Nxd5 {[%clk 0:38:13]} Qxd5 {[%clk 1:10:53]} 18. Rac1
{[%clk 0:38:17]} c6 {[%clk 1:09:39]} 19. a3 {[%clk 0:32:57]} a5 {[%clk 1:05:40]}
20. Nf1 {[%clk 0:31:10]} Qa2 {[%clk 1:01:41]} 21. Rc3 {[%clk 0:28:19]} Qd5
{[%clk 1:00:39]} 22. Nd2 {[%clk 0:23:29]} b5 {[%clk 0:56:17]} 23. Rdc1
{[%clk 0:21:27]} Rfc8 {[%clk 0:55:22]} 24. Qf3 {[%clk 0:20:32]} Qxf3
{[%clk 0:53:09]} 25. Nxf3 {[%clk 0:20:21]} Be4 {[%clk 0:53:05]} 26. Nd2
{[%clk 0:19:57]} Bd5 {[%clk 0:53:04]} 27. Rb1 {[%clk 0:13:11]} b4
{[%clk 0:52:55]} 28. Re3 {[%clk 0:10:45]} c5 {[%clk 0:52:36]} 29. Ree1
{[%clk 0:08:45]} cxd4 {[%clk 0:51:23]} 30. Rec1 {[%clk 0:06:45]} bxa3
{[%clk 0:51:23]} 31. bxa3 {[%clk 0:06:54]} Rxc1+ {[%clk 0:51:26]} 32. Rxc1
{[%clk 0:07:14]} Bxa3 {[%clk 0:51:45]} 33. Rb1 {[%clk 0:06:45]} Bb4
{[%clk 0:51:35]} 34. Nf1 {[%clk 0:06:13]} Be4 {[%clk 0:50:39]} 35. Rd1
{[%clk 0:05:40]} d3 {[%clk 0:50:46]} 36. Nd2 {[%clk 0:06:00]} Bf5
{[%clk 0:50:58]} 37. Nc4 {[%clk 0:05:18]} Rc8 {[%clk 0:50:27]} 38. Nd6
{[%clk 0:05:34]} Rc2 {[%clk 0:50:41]} 39. g4 {[%clk 0:04:21]} d2 {[%clk 0:50:04]}
40. Nxf5 {[%clk 0:03:33]} exf5 {[%clk 0:49:52]} 41. Kf1 {[%clk 0:03:44]} fxg4
{[%clk 0:49:54]} 42. Ke2 {[%clk 0:03:56]} a4 {[%clk 0:50:03]} 43. Kd3
{[%clk 0:04:00]} Rc1 {[%clk 0:50:16]} 44. Ke2 {[%clk 0:04:26]} a3
{[%clk 0:50:31]} 45. Bd4 {[%clk 0:04:42]} a2 {[%clk 0:50:08]} 46. f5 h5
{[%clk 0:49:31]} 47. e6 {[%clk 0:04:22]} fxe6 {[%clk 0:48:55]} 48. fxe6
{[%clk 0:04:44]} h4 {[%clk 0:48:45]} 49. Bb2 {[%clk 0:04:49]} Rb1
{[%clk 0:47:53]} 50. Be5 {[%clk 0:04:41]} h3 {[%clk 0:47:47]} 51. Bd4
{[%clk 0:05:00]} g3 {[%clk 0:47:58]} 52. e7 {[%clk 0:05:19]} Kf7 {[%clk 0:48:03]}
53. e8=N {[%clk 0:05:29]} Kxe8 0-1

[Event "EUYCC 2024 U10"]
[Site "?"]
[Date "2024.08.08"]
[Round "4.7"]
[White "Kopecny, Adam"]
[Black "Komogortsev, Petra"]
[Result "1-0"]
[BlackElo "1723"]
[WhiteElo "1720"]
[LiveChessVersion "1.4.8"]

1. e4 {[%clk 1:30:57]} c5 {[%clk 1:30:48]} 2. c3 {[%clk 1:31:22]} Nc6
{[%clk 1:31:06]} 3. d4 {[%clk 1:30:46]} cxd4 {[%clk 1:30:26]} 4. cxd4
{[%clk 1:30:37]} e6 {[%clk 1:27:22]} 5. Nc3 {[%clk 1:29:00]} Bb4 {[%clk 1:25:03]}
6. Nf3 {[%clk 1:25:00]} h6 {[%clk 1:22:48]} 7. Bd3 {[%clk 1:22:49]} Nf6
{[%clk 1:21:46]} 8. O-O {[%clk 1:22:47]} O-O {[%clk 1:20:26]} 9. Bd2
{[%clk 1:16:53]} b6 {[%clk 1:16:19]} 10. e5 {[%clk 1:14:36]} Bxc3
{[%clk 1:09:21]} 11. bxc3 {[%clk 1:12:21]} Nd5 {[%clk 1:09:17]} 12. Qc1
{[%clk 1:09:19]} f5 {[%clk 1:01:44]} 13. Qa3 {[%clk 0:58:58]} Bb7
{[%clk 0:52:12]} 14. Ba6 {[%clk 0:54:28]} Bxa6 {[%clk 0:50:28]} 15. Qxa6
{[%clk 0:54:55]} Rc8 {[%clk 0:49:08]} 16. Qd3 {[%clk 0:53:10]} Qe8
{[%clk 0:47:39]} 17. c4 {[%clk 0:52:17]} Nc7 {[%clk 0:45:58]} 18. Rfe1
{[%clk 0:51:58]} Qf7 {[%clk 0:40:56]} 19. Rad1 {[%clk 0:49:28]} Rfe8
{[%clk 0:39:15]} 20. Bc3 {[%clk 0:48:26]} a6 {[%clk 0:35:52]} 21. a4
{[%clk 0:46:43]} a5 {[%clk 0:33:19]} 22. d5 {[%clk 0:46:33]} exd5
{[%clk 0:32:46]} 23. cxd5 {[%clk 0:46:57]} Nb8 {[%clk 0:29:31]} 24. e6
{[%clk 0:45:06]} dxe6 {[%clk 0:27:44]} 25. Ne5 {[%clk 0:45:30]} Qf8
{[%clk 0:26:22]} 26. d6 {[%clk 0:45:21]} Nd5 {[%clk 0:24:58]} 27. d7
{[%clk 0:45:40]} Rxc3 {[%clk 0:24:57]} 28. dxe8=Q {[%clk 0:45:31]} Qxe8
{[%clk 0:24:58]} 29. Qd4 {[%clk 0:45:41]} b5 {[%clk 0:23:45]} 30. Nf3
{[%clk 0:45:45]} Qc6 {[%clk 0:17:35]} 31. axb5 {[%clk 0:45:44]} Qc8
{[%clk 0:17:37]} 32. Qe5 {[%clk 0:44:59]} Kf7 {[%clk 0:17:02]} 33. Nd4
{[%clk 0:44:38]} Nf6 {[%clk 0:14:59]} 34. Nxe6 {[%clk 0:44:23]} Nbd7
{[%clk 0:14:41]} 35. Qxf5 {[%clk 0:44:19]} 1-0